000
00255nam a2200109Ia 4500
008
190216s9999||||xx |||||||||||||| ||und||
100
_a
Surendra Singh John
245
0
_a
Hindi-Guru Govinda Singh Jeevani
260
_b
Null
650
_a
Hindi
942
_c
BK
999
_c
15323
_d
15323